Las enfermedades de la voluntad

Gespeichert in:
Bibliographische Detailangaben
1. Verfasser: Ribot, Theodule (VerfasserIn)
Format: Buch
Sprache:Spanisch
Veröffentlicht: Madrid Daniel Jorro 1922
Schriftenreihe:Biblioteca científico-filosófica
Schlagworte:
Tags: Tag hinzufügen
Keine Tags, Fügen Sie den ersten Tag hinzu!

MARC

LEADER 00000nam a2200000 a 4500
001 UCY4429
003 CL-VaPUC
008 950313e19220000SP |||||||||||||||||spa|d
082 0 4 |a 152.4  |b RIB  |2 21 
100 0 |a Ribot, Theodule  |e author  |9 332868 
245 1 4 |a Las enfermedades de la voluntad 
300 |a 194 p 
942 |c BK 
945 |d 19950313 00:00:00  |a rbrito 
260 |a Madrid  |b Daniel Jorro  |c 1922 
650 0 |a Voluntad  |9 307812 
583 |a last modification  |c 20181001 02:19:00  |k Rodrigo Vera 
490 0 |a Biblioteca científico-filosófica 
999 |c 232291  |d 232289 
952 |0 0  |1 0  |4 0  |6 152_400000000000000_RIB_1922  |7 0  |8 P  |9 236416  |a BIBEDU  |b BIBEDU  |c BIBEDU_PB  |d 2019-11-15  |i 306381K  |o 152.4 RIB 1922  |p 306381K  |r 2024-01-25  |w 2019-11-15  |y BK  |k EDU